La Fórmula 1 hispanohablante - Estadísticas

Estadísticas generales
  • Esta prueba ha sido intentada 130 veces
  • La puntuación promedio es 10 de 17
Estadísticas de respuestas
Hint Respuesta % Correcto
Campeón del mundo en 2005 y 2006, es el piloto con más grandes premios disputados de la historia Fernando Alonso
100%
Tras una memorable victoria con Racing Point, agrandó sus números compitiendo para Red Bull, convirtiéndose en el mexicano con más victorias Sergio "Checo" Pérez
97%
Es uno de los pocos pilotos que ha competido para Ferrari, McLaren y Williams, y el único hispanohablante Carlos Sainz Jr
93%
Pentacampeón del mundo, es el piloto con el mejor ratio de victorias por carrera en la historia Juan Manuel Fangio
75%
Este piloto colombiano compitió cara a cara al todopoderoso Ferrari de Michael Schumacher a inicios de los 2000 Juan Pablo Montoya
73%
Durante los 2010, esta ciudad española se convirtió en un circuito urbano, sede del GP de Europa Valencia
70%
Veterano piloto, conocido principalmente por su papel de probador, este español consiguió su único podio en el loco GP de Hungría 2006 Pedro Martínez de la Rosa
65%
Hermanos mexicanos que compitieron en los años 60, dan nombre al autódromo de la Ciudad de Mexico Ricardo y Pedro Rodríguez
64%
Este piloto venezolano consiguió una sorprendente pole y victoria en el GP de España 2012 Pastor Maldonado
60%
Población catalana en la que se encuentra el circuito que más veces ha acogido el GP de España Montmeló
57%
Expiloto español conocido por su capacidad de formación, tiene un equipo a su nombre en F2 y fundó Hispania Racing Team Adrián Campos
45%
Este piloto mexicano completó 59 grandes premios representando a Sauber y Haas en la década de los 2010 Esteban Gutiérrez
41%
Los tres anteriores coparon las tres primeras posiciones en la clasificación del GP disputado en esta ciudad en 2023, la primera vez que los tres primeros eran hispanohablantes Miami
38%
Compitió entre 1972 y 1982, convirtiéndose en el argentino con más grandes premios disputados Carlos Reutemann
37%
Estos hermanos dan nombre al Autódromo de Buenos Aires Oscar y Juan Gálvez
19%
Único chileno en la historia de la F1, es famosa su pelea tras un choque con Nelson Piquet Eliseo Salazar
15%
Este argentino fue la primera víctima mortal en un circuito, y tiene el récord de más posiciones ganadas en un gran premio Onofre Marimón
6%
No se encontraron pruebas coincidentes
Distribución de puntuación
Porcentaje de gente con cada puntuación
Porcentaje por número respondido
Historial de tus puntuaciones
No has intentado esta prueba.